The Systematic Identification of Organic Compounds Solutions Manual
Guardado en:
| Formato: | Libro |
|---|---|
| Lenguaje: | inglés |
| Publicado: |
Danvers
John Wiley and Sons
2004
|
| Edición: | 8. edition |
| Materias: | |
| Acceso en línea: | Ver en el OPAC |
| Etiquetas: |
Sin Etiquetas, Sea el primero en etiquetar este registro!
|
MARC
| LEADER | 00000nam a2200000 a 4500 | ||
|---|---|---|---|
| 005 | 20260127134207.0 | ||
| 008 | 060323 2004 xxu 000 0 eng d | ||
| 020 | |a 0471466905 | ||
| 035 | |a vtls008634003 | ||
| 039 | 9 | |y 200603231225 |z mschk03 | |
| 040 | |a STUSCHK1 |b slo |c STUSCHK1 |e AACR2 | ||
| 080 | |a 547 | ||
| 245 | 1 | |a The Systematic Identification of Organic Compounds |b Solutions Manual | |
| 250 | |a 8. edition | ||
| 260 | |a Danvers |b John Wiley and Sons |c 2004 | ||
| 300 | |a 403 s. | ||
| 650 | 0 | |a chemistry, organic |x solutions manuals | |
| 910 | |a SCHK95 | ||
| 919 | |a 0-471-46690-5 | ||
| 999 | |c 6365 |d 6365 | ||